=LDR 00000nam 2200000 4500 =001 INLIS000000000022337 =005 20130612121114 =008 ***********************************Ind** =035 ##$$0010-061300000022337 =041 ##$$a Ind =082 ##$$a 741.5 =090 ##$$a 741.5, nak g =100 ##$$a nakazawa keiji =245 ##$$a Gen sikaki ayam, Keiji nakazawa =260 ##$$a 2001 $b Jakarta =300 ##$$a 149 hlm, ilus, 21 cm =650 ##$$a Bacaan anak-anak =850 ##$$a NBPNMAT